000 00731nam a2200253Ia 4500
003 OSt
005 20220927105454.0
006 a|||||r|||| 00| 0
007 ta
008 220926b |||||||| |||| 00| 0 eng d
024 _a174652
037 _cReference Collections
040 _aRTL
_cRTL
_beng
041 _2eng
_aeng
082 _a"V2,31p.N85, M5.136-8/GD"
110 _a"INDIA, RAJYA SABHA"
_9372739
245 0 _aRajya Sabha
_b Official report
260 _aNew
_bDelhi Rajya Sabha Secretariat
_c1985
300 _a344p.
_ccm.
490 _v"Vol 136, No 8"
700 _a"INDIA, RAJYA SABHA"
_9372740
942 _h"V2,31p.N85, M5.136-8/GD"
_cCC
999 _c692698
_d692698